El ojo del alma /

En esta novela Ramón Díaz Eterovic, con su proverbial estilo, nos recrea una nueva historia de Heredia, su detective privado que al investigar la misteriosa desaparición de uno de los amigos de universidad y de quien se piensa pudo ser un informante de los organismos de seguridad de la dictadura de...

Full description

Bibliographic Details
Main Author: Díaz Eterovic, Ramón 1956-
Format: Libro
Language:Spanish
Published: Santiago, Chile LOM 2001
Edition:1a. ed.
Series:Narrativa
Subjects:
Online Access:

MARC

LEADER 00000cam a2200000 a 4500
001 028317
003 UAHC_CL
005 20170803122928.0
008 110817s2001 cl 000 1 spa
020 |a 9562823814 
040 |a UAHC_CL  |c UAHC_CL  |d UAHC_CL 
082 0 4 |a Ch863  |b D542  |2 20 
100 1 |a Díaz Eterovic, Ramón  |d 1956- 
245 1 3 |a El ojo del alma /  |c Ramón Díaz Eterovic. 
250 |a 1a. ed. 
260 |b LOM  |a Santiago, Chile  |c 2001 
300 |a 247 p. 
490 0 |a Narrativa 
500 |a Premio municipal de literatura 2002.- 
520 |a En esta novela Ramón Díaz Eterovic, con su proverbial estilo, nos recrea una nueva historia de Heredia, su detective privado que al investigar la misteriosa desaparición de uno de los amigos de universidad y de quien se piensa pudo ser un informante de los organismos de seguridad de la dictadura de Pinochet, se sumerge en los recuerdos y le permiten explorar en los fragmentos y fisuras de una sociedad oscura que ha extraviado muchos de sus valores. 
650 4 |a NOVELAS CHILENAS 
900 |a Ch863 DIAO 
942 |c BK 
952 |0 0  |1 0  |4 0  |6 CH_863_000000000000000_DIAO  |7 0  |8 General  |9 56112  |a BC  |b BC  |c General  |d 2017-08-03  |o Ch863 DIAO  |p 1390920  |r 2025-11-26 00:00:00  |t 1  |w 2017-08-03  |y BK 
999 |c 28317  |d 28317